| 000 | 00590cam a2200193 a 4500 | ||
|---|---|---|---|
| 999 |
_c390 _d390 |
||
| 020 | _a0721660266 | ||
| 020 | _a9780721660264 | ||
| 020 | _a0721654355 | ||
| 020 | _a9780721654355 | ||
| 050 | 1 | 0 |
_aR123 _b.C34 |
| 100 | 1 | _aChabner, Davi-Ellen. | |
| 245 | 1 | 4 |
_aThe language of medicine : _ba write-in text explaining medical terms / _cDavi-Ellen Chabner. |
| 250 | _a5th ed. | ||
| 260 |
_aPhiladelphia : _bSaunders, _c©1996. |
||
| 300 |
_axix, 864 pages : _billustrations (some color) ; _c28 cm + _e1 computer disc (3 1/2 in.) |
||
| 500 | _aIncludes index. | ||
| 650 | 0 | _aMedicine | |
| 942 | _cBK | ||